Κατάλογος Βιβλιοθηκών Mediterranean College

Το αηδόνι / (Record no. 10043)

MARC details
000 -LEADER
fixed length control field 03074nam a22002417a 4500
003 - ΤΑΥΤΟΤΗΤΑ ΤΟΥ ΑΡΙΘΜΟΥ ΕΛΕΓΧΟΥ
Πεδίο ελέγχου GR-AtMCL
005 - ΗΜΕΡΟΜΗΝΙΑ ΚΑΙ ΩΡΑ ΤΕΛΕΥΤΑΙΑΣ ΕΝΗΜΕΡΩΣΗΣ
Πεδίο ελέγχου 20260114102957.0
006 - FIXED-LENGTH DATA ELEMENTS--ADDITIONAL MATERIAL CHARACTERISTICS
Πεδίο ελέγχου σταθερού μήκους a|||||r|||||||||||
008 - FIXED-LENGTH DATA ELEMENTS--GENERAL INFORMATION
Πεδίο ελέγχου σταθερού μήκους s2016||||gr g ||| gre d
020 ## - ISBN
ISBN 9789604616893
040 ## - ΠΗΓΗ ΚΑΤΑΛΟΓΟΓΡΑΦΗΣΗΣ
Γλώσσα καταλογογράφησης Ελληνικά, Μοντέρνα (1453-)
Φορέας πρωτότυπης καταλογογράφησης MC Athens Campus Library
Modifying agency MC Athens Campus Library
Κανόνες περιγραφικής καταλογογράφησης AACR2
041 1# - ΓΛΩΣΣΑ
Κωδικός γλώσσας πρωτότυπου Αγγλικά
100 ## - MAIN ENTRY--PERSONAL NAME
Personal name Hannah, Kristin
9 (RLIN) 10260
245 03 - ΤΙΤΛΟΣ ΚΑΙ ΔΗΛΩΣΗ ΥΠΕΥΘΥΝΟΤΗΤΑΣ
Τίτλος Το αηδόνι /
Statement of responsibility, etc. Kristin Hannah ; μετάφραση Χριστίνα Σωτηροπούλου
260 ## - PUBLICATION, DISTRIBUTION, ETC.
Place of publication, distribution, etc. Αθήνα :
Name of publisher, distributor, etc. Κλειδάριθμος,
Date of publication, distribution, etc. 2016
300 ## - PHYSICAL DESCRIPTION
Extent 631 σ.
500 ## - GENERAL NOTE
Γενική σημείωση Τίτλος πρωτοτύπου: The nightingale
520 ## - SUMMARY, ETC.
Summary, etc. Γαλλία, 1939. Στο μικρό χωριό Καριβό, η Βιαν αποχαιρετά τον σύζυγό της Αντουάν που φεύγει για το μέτωπο. Σύντομα οι Ναζί εισβάλλουν στη Γαλλία με ορδές στρατιωτών, φορτηγών και τανκς, με αεροπλάνα που σκοτεινιάζουν τον ουρανό και βομβαρδίζουν αθώους. Επιτάσσουν το σπίτι της κι εκείνη με την κόρη της υποχρεώνονται να ζήσουν κάτω από την ίδια στέγη με τον εχθρό. Χωρίς τρόφιμα, χρήματα και ελπίδες, με τον πόλεμο να θεριεύει γύρω τους, η Βιαν αναγκάζεται να πάρει τη μια σκληρή απόφαση μετά την άλλη για να εξασφαλίσει την επιβίωση της οικογένειάς της.Η 18χρονη αδερφή της Βιαν, η Ιζαμπέλ, είναι μια επαναστάτρια που ψάχνει να βρει νόημα στη ζωή της με όλο το ριψοκίνδυνο πάθος της νιότης. Γνωρίζει έναν γοητευτικό παρτιζάνο και τον ερωτεύεται όπως μόνο οι έφηβοι μπορούν -απόλυτα. Όταν εκείνος την προδίδει, η Ιζαμπέλ προσχωρεί στην Αντίσταση χωρίς δεύτερη σκέψη...Με θάρρος, γοητευτική γραφή και διεισδυτική ματιά, η πολυδιαβασμένη συγγραφέας Kristin Hannah αποτυπώνει το επικό πανόραμα του Δευτέρου Παγκοσμίου Πολέμου και φωτίζει ένα κομμάτι της Ιστορίας που βλέπουμε σπάνια: τον πόλεμο των γυναικών. "Το αηδόνι" είναι ένα συγκλονιστικό μυθιστόρημα, ένας ύμνος στις αντοχές της ανθρώπινης ψυχής και στη δύναμη των γυναικών.Ένα μυθιστόρημα για όλους, ένα μυθιστόρημα για πάντα.
650 #0 - SUBJECT ADDED ENTRY--TOPICAL TERM
Topical term or geographic name entry element Αμερικανική λογοτεχνία
9 (RLIN) 10235
653 ## - INDEX TERM--UNCONTROLLED
Μη ελεγχόμενοι όροι Λογοτεχνία
942 ## - ADDED ENTRY ELEMENTS (KOHA)
Koha item type Books
Holdings
Τύπος τεκμηρίου Βιβλιοθήκη Τρέχουσα τοποθεσία Barcode Αριθμός εισαγωγής Ημερομηνία απόκτησης Ταξιθετικό σύμβολο Αριθμός αντιτύπου Κατάσταση απόσυρσης Κατάσταση χαμένου Κατάσταση κατεστραμμένου Μη δανεισμός Σύνολο δανεισμών Ημερομηνία τελευταίας εμφάνισης Η τιμή ισχύει από
Books MC Athens Campus Library MC Athens Campus Library 9780000100511 8245 14/01/2026 813 HAN 1           14/01/2026 14/01/2026

MC Athens Campus Library
Πατησίων 94 & Κοδριγκτώνος 13, 104 34
Πελλήνης 8 & Πατησίων 107, 112 51
Τ: +30 210 8899600

MC Thessaloniki Campus Library
Ίωνος Δραγούμη 21, 54625 | Ίωνος Δραγούμη 15, 54625
Τ: +30 2310 287779 – Τ: +30 2314 440300